000 01015naa a2200193 a 4500
001 81196
003 BD-RjUL
005 20230208144035.0
008 230208s1985 ii ||||| |||| 00| 0 ar d
035 _a(BD-RjUL)81196
040 _aBD-RjUL
_beng
_cBD-RjUL
041 _aara
082 _223
_a297.0013
_bNAI 1985
100 _aالندوي، أبو الحسن علي الحسني، Al-Nadawi, Abu Al-Hassan Ali Al-Hasani.
_96913
245 1 4 _aالإسلام وأثره في الحضارة وفضله على الإنسانية : بحث تاريخي وتحليلي لأثر الإسلام والبعثة المحمدية في الحضارة الإنسانية al'iislam wa'atharuh fi alhadarat wafaddlah ealaa al'iinsaniat : bahth tarikhiun watahliliun li'athar al'iislam walbiethat almuhamadiat fi alhadarat al'iinsania /
_c أبو الحسن علي الحسني الندوي Abu Al-Hassan Ali Al-Hasani Al-Nadawi,
300 _a124 p. ;
_c23 cm
650 _aHumanity
_vIslam
_96914
942 _2ddc
_cBK
999 _c81196
_d81196